000 00621nam a22002417a 4500
003 UA-OsUOA
001 27822
007 ta
008 20040914b un ||||| |||| 00| 0 ukr d
100 _aКисельов Йосип
090 _a792:929
_bК44
942 _cBK
040 _aUA-OsUOA
_bukr
_cUA-OsUOA
_dUA-OsUOA
245 _aРазом з життям
_bМайстри української сцени
300 _a408 с.
_bІлюстрації
955 _a0
041 _aukr
080 _a792:929
260 _aКиїв
_bМистецтво
_c1972
044 _aUA
650 7 _2UDC
999 _c314174
_d314174